Dopady zavedenia metódy súčasnej hodnoty pri oceňovaní krátkodobých pohľadávok a záväzkov na výkonnosť podnikov v SR
Príspevok prezentuje druhú časť výskumu, zameraného na zistenie vplyvov prechodu k Medzinárodným štandardom pre finančné výkazníctvo v oblasti oceňovania krátkodobých pohľadávok a záväzkov z obchodného styku v slovenských podnikoch. Precenenie signifikantných položiek súvahy a tvorba scenárov. Analý...
Enregistré dans:
| Auteur principal: | |
|---|---|
| Autres auteurs: | |
| Format: | Chapitre de livre |
| Langue: | slovaque |
| Sujets: | |
| Tags: |
Pas de tags, Soyez le premier à ajouter un tag!
|
MARC
| LEADER | 00000nla$a2200000$$$4500 | ||
|---|---|---|---|
| 001 | 0148745 | ||
| 005 | 20240604114157.4 | ||
| 041 | 0 | |a slo | |
| 044 | |a SK | ||
| 245 | 1 | 0 | |a Dopady zavedenia metódy súčasnej hodnoty pri oceňovaní krátkodobých pohľadávok a záväzkov na výkonnosť podnikov v SR |c Zuzana Schwartzová, Tatiana Varcholová |
| 520 | |a Príspevok prezentuje druhú časť výskumu, zameraného na zistenie vplyvov prechodu k Medzinárodným štandardom pre finančné výkazníctvo v oblasti oceňovania krátkodobých pohľadávok a záväzkov z obchodného styku v slovenských podnikoch. Precenenie signifikantných položiek súvahy a tvorba scenárov. Analýza zmeny výkonnosti podnikov po precenení. Výsledky výskumu boli aplikované na prípadovej štúdii. | ||
| 610 | 2 | 0 | |a pohľadávky |
| 610 | 2 | 0 | |a záväzky podniku |
| 610 | 2 | 0 | |a oceňovanie |
| 610 | 2 | 0 | |a hodnota |
| 610 | 2 | 0 | |a IFRS |
| 610 | 2 | 0 | |a výkonnosť |
| 610 | 2 | 0 | |a výkony podnikové |
| 100 | 1 | |a Schwartzová, Zuzana | |
| 700 | 1 | |a Varcholová, Tatiana | |